MARC

LEADER 00000nam0a2200000 4500
001 200149
005 20231031184551.0
010 |a 5217008377 
035 |a (RuTPU)RU\TPU\book\218210 
090 |a 200149 
100 |a 20110902d1990 k y0rusy50 ca 
101 0 |a rus 
102 |a RU 
105 |a a z 001zy 
200 1 |a Машины для автоматизированного производства деталей из реактопластов  |f А. Д. Соколов [и др.] 
210 |a Москва  |c Машиностроение  |d 1990 
215 |a 304 с.  |c ил. 
320 |a Библиогр.: с. 301. 
610 1 |a реактопласты 
610 1 |a детали 
610 1 |a автоматизированное производство 
610 1 |a автоматизированные прессовые комплексы 
610 1 |a пластикация 
610 1 |a таблетирование 
610 1 |a машины 
610 1 |a пресс-автоматы 
610 1 |a литьевые машины 
610 1 |a литьевые формы 
610 1 |a технологические свойства 
610 1 |a оценка 
675 |a 678.5.07  |v 3 
701 1 |a Соколов  |b А. Д.  |g Анатолий Данилович 
701 1 |a Петров  |b Б. А.  |g Борис Александрович 
701 1 |a Татаркин  |b В. А.  |g Владимир Андреевич 
701 1 |a Александрович  |b И. Р.  |g Иосиф Рувимович 
801 1 |a RU  |b 63413507  |c 20110902 
801 2 |a RU  |b 63413507  |c 20110906  |g RCR 
942 |c BK